Lady Gaga Diskografie - Statistiken

Allgemein
  • Dieses Quiz wurde 85 mal gespielt
  • Das Durchschnittsergebnis liegt bei 27 aus 107
Antwortstatistiken
Album Songtitel % Korrekt
The Fame Poker Face
93%
Born This Way Born This Way
85%
The Fame Just Dance
78%
The Fame Monster Alejandro
76%
The Fame Paparazzi
74%
A Star Is Born Shallow
69%
The Fame Monster Bad Romance
67%
The Fame Monster Telephone
67%
Born This Way Judas
63%
The Fame LoveGame
61%
The Fame The Fame
61%
The Fame Monster Monster
57%
Joanne Joanne
56%
ARTPOP ARTPOP
54%
Born This Way The Edge Of Glory
52%
ARTPOP Applause
50%
Born This Way Bloody Mary
48%
Chromatica Rain On Me
46%
Joanne A-Yo
44%
Born This Way Marry The Night
44%
Joanne Million Reasons
41%
Born This Way Scheiße
41%
Cheek To Cheek Cheek To Cheek
39%
ARTPOP Venus
39%
Chromatica 911
37%
A Star Is Born Always Remember Us This Way
37%
Joanne John Wayne
37%
Born This Way Yoü And I
37%
The Fame Beautiful, Dirty, Rich
35%
The Fame Brown Eyes
35%
The Fame Monster So Happy I Could Die
33%
Chromatica Sour Candy
33%
The Fame Starstruck
33%
The Fame Boys Boys Boys
31%
The Fame Monster Dance In The Dark
31%
Joanne Perfect Illusion
31%
ARTPOP G.U.Y.
30%
Chromatica Stupid Love
30%
Born This Way Americano
28%
Born This Way Hair
28%
The Fame Monster Speechless
28%
The Fame Monster Teeth
28%
Joanne Dancin' In Circles
26%
The Fame Disco Heaven
26%
The Fame Eh, Eh (Nothing Else I Can Say)
26%
Born This Way Heavy Metal Lover
26%
The Fame Paper Gangsta
26%
The Fame Summerboy
26%
ARTPOP Swine
26%
ARTPOP Fashion!
24%
Joanne Angel Down
22%
Born This Way Government Hooker
22%
Chromatica Alice
20%
ARTPOP Aura
20%
Born This Way Bad Kids
20%
Chromatica Chromatica I
20%
Chromatica Chromatica II
20%
ARTPOP Dope
20%
Born This Way Electric Chapel
20%
Joanne Hey Girl
20%
The Fame Money Honey
20%
Chromatica Babylon
19%
Chromatica Chromatica III
19%
Joanne Diamond Heart
19%
ARTPOP Donatella
19%
ARTPOP Gypsy
19%
ARTPOP MANiCURE
19%
Chromatica 1000 Doves
17%
The Fame I Like It Rough
17%
ARTPOP Sexxx Dreams
17%
Joanne Come To Mama
15%
Chromatica Free Woman
15%
ARTPOP Mary Jane Holland
13%
Chromatica Enigma
11%
ARTPOP Jewels N' Drugs
11%
Chromatica Replay
11%
Chromatica Fun Tonight
9%
A Star Is Born I'll Never Love Again
9%
Joanne Sinner's Prayer
9%
Born This Way Highway Unicorn (Road To Love)
7%
Chromatica Plastic Doll
7%
Chromatica Sine From Above
7%
A Star Is Born Is That Alright?
6%
A Star Is Born La Vie En Rose
6%
Cheek To Cheek Nature Boy
4%
A Star Is Born Why Did You Do That
4%
Cheek To Cheek Anything Goes
2%
A Star Is Born Black Eyes
2%
Cheek To Cheek Firefly
2%
A Star Is Born Hair Body Face
2%
A Star Is Born I Don't Know What Love Is
2%
Cheek To Cheek I Won't Dance
2%
Cheek To Cheek Let's Face The Music And Dance
2%
A Star Is Born Look What I Found
2%
A Star Is Born Maybe It's Time
2%
A Star Is Born Alibi
0%
A Star Is Born Before I Cry
0%
Cheek To Cheek But Beautiful
0%
A Star Is Born Diggin' My Grave
0%
A Star Is Born Heal Me
0%
Cheek To Cheek I Can't Give You Anything But Love
0%
Cheek To Cheek It Don't Mean A Thing (If It Ain't Got That Swing)
0%
Cheek To Cheek Lush Life
0%
A Star Is Born Music To My Eyes
0%
A Star Is Born Out Of Time
0%
Cheek To Cheek Sophisticated Lady
0%
A Star Is Born Too Far Gone
0%
Keine übereinstimmenden Quizze gefunden
Verteilung der Resultate
Anzahl Personen mit jedem Resultat
Perzentil nach korrekt beantworteten Fragen
Ihre Resultats-Entwicklung
Sie haben dieses Quiz noch nicht gespielt